Currículum, racionalidad y conocimiento.
Enregistré dans:
| Auteur principal: | |
|---|---|
| Format: | Livre |
| Langue: | espagnol |
| Sujets: | |
| Tags: |
Pas de tags, Soyez le premier à ajouter un tag!
|
MARC
| LEADER | 00000nam^a2200000^u^4500 | ||
|---|---|---|---|
| 001 | 000495958 | ||
| 005 | 20250521000000.0 | ||
| 008 | 060117s1000^^^^^^^^^^^^r^^^^^000^0^spa^d | ||
| 009 | 20260310125601.444 | ||
| 035 | |a FCE 000039367 | ||
| 037 | |a Acervo ITESO - Biblioteca | ||
| 041 | |a spa | ||
| 082 | 0 | 4 | |a 375.001 |b LANc |
| 100 | |a Landesman, Monique |e comp |e (autor) | ||
| 245 | 1 | 0 | |a Currículum, racionalidad y conocimiento. |
| 264 | |a Culiacán, Sinaloa : |b Universidad Autonóma de Sinaloa, |c 1988. | ||
| 300 | |a 179 p. | ||
| 336 | |a texto |b txt |2 rdacontenido | ||
| 337 | |a sin mediación |b n |2 rdamedio | ||
| 338 | |a volumen |b nc |2 rdasoporte | ||
| 649 | |a XX | ||
| 650 | |a Currículo | ||
| 650 | |a Conocimiento | ||
| 650 | |a Teoría del conocimiento | ||
| 650 | |a Planificación del currículo | ||
| 650 | |a Currículo | ||
| 650 | |a Instrucción | ||
| 910 | |a Fondo Centro de Estudios Educativos | ||
| 920 | |a Impresos - Libros | ||
| 930 | |a Fondos Especiales | ||
| 905 | |a 133 | ||
| 901 | |a ALE039439 |b IT2 |c CEE |u 20250521 | ||
| 902 | |a https://opac.biblio.iteso.mx/vufind/Record/000495958 | ||